000 00720nam a22002177a 4500
005 20140108152141.0
010 _aB-520119-147
020 _a8172248997
_c140.00
020 _a9788172248994
_c140.00
035 _aB-520119-147
037 _bBSB/Ven
_adpl
082 _aS
100 _aTwain, Mark
245 _aThe adventures of Tom Sawyer /
_cby Mark Twain
260 _aMumbai
_bJaico Publishing House
_c2012
270 _aA-2 Jash Chambers, 7-A Sir Phirozshah Mehta Road Fort,
_bMumbai
_e400001
300 _a293p. :
_bill.
_c18cm(Hb)
490 _aJaico illustrated classics series
942 _2ddc
_cCH
_mTWA
_hS
999 _c79033
_d79033